| 000 | 00466nam a22001577a 4500 | ||
|---|---|---|---|
| 003 | OSt | ||
| 005 | 20151008102812.0 | ||
| 008 | 151008b xxu||||| |||| 00| 0 eng d | ||
| 040 | _cRUA | ||
| 082 | _aAVM KY 2006 B078 Or.1 | ||
| 100 |
_92345 _aKY, CHANNARONG. |
||
| 245 | _aEffect of dry larvae utilization in feed ingredient on broiler quail's growth at reaearch farm of RUA | ||
| 260 |
_aPhnom Penh _bRUA _c2006 |
||
| 300 |
_axi, 41p. _bill. _c29cm. |
||
| 942 |
_2ddc _cAVM |
||
| 999 |
_c2211 _d2211 |
||